| 000 | 00797nam a22002537a 4500 | ||
|---|---|---|---|
| 003 | DO-SdBNP | ||
| 005 | 20180221132508.0 | ||
| 008 | 171031b 2002||| |||| 00| 0 spa d | ||
| 020 | _a9789681904029 | ||
| 040 |
_aBPMSU _bspa _cBPMSU |
||
| 100 | 1 | _aCameron, Ann | |
| 245 | 1 | 3 |
_aEl lugar más bonito del mundo / _cAnn Cameron ; ilustraciones Thomas B. Allen ; traducción P. Rozarena |
| 250 | _a2a. ed. | ||
| 260 |
_aMéxico : _bAlfaguara, _c2002. _g(4a.reimpresión, 2006) |
||
| 300 |
_a69 p. : _bil. ; _c20 cm. |
||
| 490 | 1 | _aAlfaguara infantil | |
| 500 | _aLa biblioteca posee la 4ta. reimpresión del 2006 | ||
| 700 | 1 |
_aB. Allen, Thomas, _eil. |
|
| 700 | 1 |
_aRozarena, P., _etr. |
|
| 830 | 0 | _aAlfaguara infantil | |
| 942 |
_2ddc _cBK |
||
| 945 | _aInventariado, 2018/MFF | ||
| 956 |
_aBTAVAREZ _b10 |
||
| 999 |
_c9692 _d9692 |
||